Statistics for Host Countries of Summer Olympics in chronological order on a Blue World Map

Click here to take the quiz!

General Stats

  • This quiz has been taken 239 times
  • The average score is 13 of 19

Answers on the Map

Answers color-coded by a green-red scale on the quiz's map according to % correct below.
 

Answer Stats

Answer% Correct
Greece
92%
France
82%
United States
73%
United Kingdom
71%
Brazil
69%
Belgium
67%
Mexico
67%
Spain
67%
China
66%
Germany
66%
Russia
66%
Sweden
65%
Italy
64%
Netherlands
64%
Finland
63%
South Korea
63%
Canada
62%
Japan
62%
Australia
60%

Score Distribution

Percentile by Number Answered

Percent of People with Each Score

Your Score History

You have not taken this quiz